000 01168nam a22003017a 4500
003 OSt
005 20260428125803.0
008 260428b |||||||| |||| 00| 0 eng d
010 _a2016034910
020 _a9780374273538
_q(Hardcover)
020 _a9780374715144
_q(e-book)
020 _a9780374900434
040 _beng.
_cFARRAR, STRAUS AND GIROUX
050 _aHM 851
_b.F55 2016
100 _aFriedman, Thomas L.,
_d1953-,
_eauthor.
245 _aThank you for being late :
_ban optimist's guide to thriving in the age of accelerations /
_cThomas L. Friedman.
250 _a1ST ED.
260 _aNew York :
_bFarrar, Straus and Giroux,
_c2016.
300 _a486 pages ;
_c25 cm
504 _aIncludes bibliographical references and index.
520 _aExamines how rapid technological change, globalization, and climate change are reshaping the modern world and discusses strategies for adapting and thriving.
650 _aInformation technolog
_xSocial aspects.
650 _aTechnological innovations
_xSocial aspects.
650 _aGlobalization
650 _aClimatic changes
_xEconomic aspects.
650 _aSocial change.
942 _2lcc
_cBK
_n0
999 _c10108
_d10108